Padhya Samaharam Fro Private Circulation Only (Record no. 19004)

MARC details
000 -LEADER
fixed length control field 00474nam a2200145Ia 4500
008 - FIXED-LENGTH DATA ELEMENTS--GENERAL INFORMATION
fixed length control field 211109s9999||||xx |||||||||||||| ||und||
082 ## - DEWEY DECIMAL CLASSIFICATION NUMBER
Classification number 894.8121
Item number FAT-P
100 ## - MAIN ENTRY--PERSONAL NAME
Personal name Father`s Of Chethippuzha,
245 #0 - TITLE STATEMENT
Title Padhya Samaharam Fro Private Circulation Only
260 ## - PUBLICATION, DISTRIBUTION, ETC.
Name of publisher, distributor, etc. Assissi Printing House
Place of publication, distribution, etc. Chry
Date of publication, distribution, etc. 1959
300 ## - PHYSICAL DESCRIPTION
Extent 62p.
630 ## - SUBJECT ADDED ENTRY--UNIFORM TITLE
General subdivision General Stack
650 ## - SUBJECT ADDED ENTRY--TOPICAL TERM
Topical term or geographic name entry element Malayalam literature
942 ## - ADDED ENTRY ELEMENTS (KOHA)
Koha item type BOOK
650 ## - SUBJECT ADDED ENTRY--TOPICAL TERM
Form subdivision economysocial scienceSocial sciences--Study and teaching
General subdivision Generalia
Holdings
Withdrawn status Lost status Damaged status Not for loan Home library Current library Date acquired Cost, normal purchase price Total Checkouts Full call number Barcode Shelving location Date last seen Price effective from Koha item type
        SB LIBRARY SB LIBRARY 09/11/2021 100.00   894.8121 FAT-P 00019689 GENERAL STACK 09/11/2021 09/11/2021 BOOK

Powered by Koha